Cultivo industriales
| Main Author: | |
|---|---|
| Format: | Section = Libro |
| Language: | Undetermined Spanish |
| Published: |
España
Mundi Prensa
2002
|
| Subjects: |
| LEADER | 00642nam a2200217Ia 4500 | ||
|---|---|---|---|
| 008 | 240829s9999 xx 000 0 und d | ||
| 020 | |a 84-8476-075-8 | ||
| 040 | |a BIBLIOTECA-RUPAP 633.8 L864 | ||
| 041 | |a spa | ||
| 082 | |a 633.8 L864 | ||
| 100 | 1 | |a López Bellido, Luis | |
| 245 | 1 | 0 | |a Cultivo industriales |
| 260 | |a España |b Mundi Prensa |c 2002 | ||
| 300 | |a 1071 p. :il. | ||
| 650 | 7 | |a CULTIVOS PARA PROCESAMIENTO INDUSTRIAL | |
| 650 | 7 | |b CULTIVO - ORIGEN - HISTORIA - REMOLACHA AZUCARERA | |
| 650 | 7 | |c CULTIVO - ALGODON | |
| 650 | 7 | |d CULTIVO - TABACO - FISIOLOGIA - ECOLOGIA. I. Tít. | |
| 942 | |c BK |2 ddc | ||
| 991 | |a TEXTO | ||
| 999 | |c 9894 | ||